00559cam a2200217 a 450000500170000000800410001701000150005802000260007303500130009903700130011204000130012508200060013810000170014424500320016126000360019327000810022930000220031065000030033265100030033570000030033820031230185550.0940308s1993 enkab b 001 0 eng  aENG-101677 c199.00a9788184001334 aEN-85210 bDBAD/PUB adplbEng aN1 aDhar, Mainak10aHero giri /cby Mainak Dhar aNoidabRandom House Indiac2010 aMind Mill Corporate Tower, 2nd Floor, Plot No 24A Sector 16A,bNoidae2013011 a288p.c17cm (pbk) 0